Big Countries, Few Borders Quiz Stats

 Plays Quiz Updated Sep 12, 2014

     
Support Sporcle.
Go Orange.
Score 0/12 Timer 04:00
7 Plays Today
% Correct
Canada
96.8%
Australia
96.7%
United States
95.2%
Mexico
84.8%
Madagascar
68.9%
Indonesia
67.2%
Mongolia
65.8%
Chile
57.2%
Denmark
54.2%
Venezuela
27.7%
Somalia
19%
Yemen
18.8%

From the Vault

Movies of 2014

by El_Dandy

Movies 7m
Feel free to listen to 'All About That Bass' while playing to really take you back to 2014.
Remove Ads.
Support Sporcle.
Get the best of Sporcle when you Go Orange. This ad-free experience offers more features, more stats, and more fun while also helping to support Sporcle. Thank you for becoming a member.

Show Comments

Extras

Top Quizzes Today


Score Distribution

Your Account Isn't Verified!

In order to create a playlist on Sporcle, you need to verify the email address you used during registration. Go to your Sporcle Settings to finish the process.

Report this User

Report this user for behavior that violates our Community Guidelines.

Details: